000 00912nmm a2200289 a 4500
001 ocm000592830
003 TR-IsHL
005 20201028122120.0
008 110704s2010 tu tur
007 cr cn
020 _a9786055672683
035 _a592830
_b(N$T)
050 0 4 _aPL248.C54
_bB4 2010
090 0 4 _aPL248.C54
_bB4 2010
100 1 _aÇifci, Mustafa
245 1 0 _aBeni öyle sev ki aşk eski bir tarih olsun
_h[electronic resource] /
_cMustafa Çifci ; ed. İbrahim Özbay
250 _a2. bs.
260 _aİstanbul :
_bAres Kitap,
_c2010
300 _a176 p.
650 4 _aDil ve Edebiyat
650 4 _aLanguage and Literature
650 0 _aTürk denemeleri
650 0 _aTurkish essays
650 7 _aLITERARY COLLECTIONS / Essays
_2bisacsh
700 1 _aÖzbay, İbrahim
856 4 0 _uhttp://search.ebscohost.com/login.aspx?direct=true&scope=site&db=e011xww&AN=592830
999 _c1695
_d1695